Quizzes
Events
Quiz Creation
Community
Videos
Private Events
Remove Ads
Sign In
Join for FREE
Feedback
Dark Mode
Quiz Categories
Sports
Geography
Music
Movies
Television
Just For Fun
Miscellaneous
History
Literature
Language
Science
Gaming
Entertainment
Religion
Holiday
For Kids
Quiz Lab
Recent
Popular Today
Quiz Kudos Today
Editor Picks
Curator Picks
Quizzes by...
Day
Popularity
Type
Ratings
Length
Year
Community
Subscriptions
Recent Discussions
Orange Saloon
Badges
Playlists
Quests
Create
Leaderboards
Showdown
Live 5
Trivia Bingo
Activity
Puzzle Library
Sporcle Events
Private Events
Virtual Trivia
Globe League
Become a Host
Pub Owners
SporcleCon
Opinionation
Our Games
Videos
Blog
Mobile Apps
Partnerships
Remove Ads and Go Orange
Feedback
Music
Pop Music
The Beatles
Song
Album
Lyrics
Bands
Singers
Artist
Clip
Rock
Rap
Classical
Billboard
Country Music
Kpop
Taylor Swift
Music
Pop Music
The Beatles
Song
Album
Lyrics
Bands
Singers
Artist
Clip
Rock
Rap
Classical
Billboard
Country Music
Kpop
Taylor Swift
Random Quiz
Search Sporcle
×
Quiz Lab
Quiz Lab
Music
Song
Type in answers that appear in a list
Type in answers that appear in a list
Classic
Best Score? Go Orange.
'The' Song Titles Stats
Can you name the two word song titles that begin with 'The'?
By
list_smith
10m
30 Questions
85 Plays
85 Plays
85 Plays
Comments
Comments
Give Quiz Kudos
Give Quiz Kudos
-
- Ratings
hide this ad
Replay
Link that replays current quiz
Next Quiz
Link to next quiz in quiz playlist
You Got
0%
They Got
Avg Score
30%
Avg Friend Score
Upgrade to see
Score Distribution
Jump to the score distribution portion of the page
Score
0/30
Timer
10:00
0
Plays Today
Artist
Title
% Correct
Chubby Checker
The Twist
78.8%
Steve Miller Band
The Joker
70.6%
Ace of Base
The Sign
61.2%
Simon and Garfunkel
The Boxer
54.1%
Kenny Rogers
The Gambler
54.1%
Jimmy Eat World
The Middle
51.8%
The Doors
The End
47.1%
Coldplay
The Scientist
47.1%
The Band
The Weight
44.7%
Grandmaster Flash and the Furious Five
The Message
44.7%
The Box Tops
The Letter
37.6%
Fleetwood Mac
The Chain
35.3%
Bruce Springsteen
The River
32.9%
Snap!
The Power
25.9%
Dion
The Wanderer
25.9%
Artist
Title
% Correct
Cake
The Distance
22.4%
Garth Brooks
The Dance
21.2%
Marvin Hamlisch
The Entertainer
18.8%
U2
The Fly
18.8%
Desmond Dekker
The Israelites
17.6%
Iggy Pop
The Passenger
15.3%
Oran 'Juice' Jones
The Rain
15.3%
James Brown
The Payback
11.8%
Cat Power
The Greatest
10.6%
Spoon
The Underdog
9.4%
Blur
The Universal
9.4%
Echo & the Bunnymen
The Cutter
5.9%
Loretta Lynn
The Pill
5.9%
Suede
The Drowners
4.7%
Kraftwerk
The Robots
4.7%
Quiz Playlist
Details
Report
Send in Message
Add To Playlist
Classic:
Type in answers that appear in a list
Last Updated: Feb 16, 2017
Quiz Scoreboard
CHALLENGE
Sign Up to Join the Scoreboard
Show All
Scores
Hide
Comments
May contain spoilers
Recently Published
9x9 Crossword: Cartoon Network
by jackfrog10
Miscellaneous
3m
College Basketball Coaching Resumes
by pancakes188
Sports
9m
Billboard Blitz: Fleetwood Mac
by CooCooCachoo
Music
15s
More to Explore
Quiz From the Vault
Featured Blog Post
Where Did the Easter Bunny Come From?
hide this ad
You Might Also Like...
Tags
Artist Quiz
Song Quiz
Today's Top Quizzes in Music
Browse Music
hide this ad
Today's Top Quizzes in Song
Browse Song
Top Contributed Quizzes in Music
1
Taylor Swift All Songs (2024)
2
Guess the Artist- 70s Songs
3
7-to-1: Billboard Hot 100 #1 Hits of 2010s
4
Sorting Albums and Songs
5
Taylor Swift Logic Puzzle
6
KPOP LOGIC QUIZ
7
Guess the Taylor Swift song (Mystery Song)
8
One Thing in Common: Music
9
2010s Album by Cover III
10
Guess The Taylor Swift Lyrics Song #1
Explore More
Trending Topics
Disney
NBA
Anime
Crossword
Kpop
Harry Potter
Marvel
Country
Song
The Office
Pokémon
WWE
NFL
Puzzle
Soccer
hide this ad
More By:
list_smith
Quiz
Plays
Rating
Category
Featured
Created
Largest U.S. Cities with Spanish names
5,122
4.19
Geography
Mar 23, 2010
U.S. States with indigenous names
2,381
4.31
Geography
Mar 23, 2010
U.S. 'Ton' Cities
816
4.33
Geography
Apr 10, 2010
Billboard No. 1 'love' songs (1960's)
725
4.45
Music
Oct 10, 2011
Blondie by Opening Lyrics
591
5.00
Music
Jan 23, 2012
Go to Creator's Profile
Score Distribution
Quiz Creator Spotlight
list_smith
Follow
Send a Message
Quizzes Created
-
Created Quiz Play Count
-
More By This Creator
Popular Quizzes Today
1
Find the US States - No Outlines Minefield
2
Find the Countries of Europe - No Outlines Minefield
3
The Countries of the World
4
Find the US States
5
Risky Map Clicking: Biggest States A-Z
6
US States
7
Popular People in 1961
8
Movies - When Are They Set?
More Music Quizzes
One Hit Wonders (1980s)
Published
Trending Quizzes
Risky Map Clicking: Least Populous States A-Z
1-10 Letter G Words
1-10 Letter F Words
Risky Map Clicking: Next State Alphabetically
Adjectives in 80s TV Shows
Recently Updated
Leaping Animals
pecheneg
Reality TV Shows (A-Z)
bhenderson79
Rickey Henderson's Hall of Fame Teammates
pecheneg
Champions League XIs: Arsenal
pecheneg
Quick Pick: Celebrities in WWE's Hall of Fame
aduchscher
A-Z Keypad Blitz II
pecheneg
Multiple Oscar Actors
pecheneg
Mystery Phrase Blitz: Oscar 'Best Actors'
pecheneg
F. Scott Fitzgerald Novels
LTH
Pick 3 Villains
ddd62291
Trending Topics
Marvel
Crossword
Harry Potter
NBA
Anime
Disney
Kpop
The Office
Soccer
WWE
Pokémon
Puzzle
Song
Country
NFL
Your Account Isn't Verified!
In order to create a playlist on Sporcle, you need to verify the email address you used during registration. Go to your
Sporcle Settings
to finish the process.
Report this User
Report this user for behavior that violates our
Community Guidelines
.
Details:
Send Report
Go to the Sporcle.com Mobile Site →
Comments